| 000 | 00344nam a2200145Ia 4500 | ||
|---|---|---|---|
| 008 | 230312s9999||||xx |||||||||||||| ||und|| | ||
| 020 | _a0-07-226250-8 | ||
| 082 |
_a004.16 _bPHE-W |
||
| 100 | _aFarrell;Joyce | ||
| 245 | 0 | _aJava Programming | |
| 260 |
_bMcGraw Hill _aUSA _c2006 |
||
| 300 | _a414 | ||
| 650 |
_aComputer _vComputer |
||
| 942 | _cBK | ||
| 999 |
_c15303 _d15303 |
||